| 000 | 01177cam a2200313 a 4500 | ||
|---|---|---|---|
| 001 | 12934667 | ||
| 003 | OSt | ||
| 005 | 20231002134640.0 | ||
| 008 | 020918r20021982nyua b 001 0 eng | ||
| 010 | _a 2002033353 | ||
| 020 | _a0486425401 (pbk.) | ||
| 040 |
_aDLC _cDLC _dDLC |
||
| 050 | 0 | 0 |
_aQC173.55 _b.L38 2002 |
| 082 | 0 | 0 |
_a515.6 LAW 2002 _221 |
| 100 | 1 |
_aLawden, Derek F. _915922 |
|
| 245 | 1 | 0 | _aIntroduction to Tensor Calculus, Relativity, and Cosmology |
| 250 | _a3rd ed. | ||
| 260 |
_aMineola, N.Y.; _bDover Publications, _c2002. |
||
| 300 |
_axiii, 205 p. : _bill. ; _c24 cm. |
||
| 500 | _aOriginally published: 3rd ed. Chichester [Sussex] ; New York : Wiley, c1982. | ||
| 504 | _aIncludes bibliographical references (p. 200) and index. | ||
| 650 | 0 |
_aRelativity _98007 |
|
| 650 | 0 |
_aCalculus _9718 |
|
| 650 | 0 |
_aCosmology. _93606 |
|
| 856 | 4 | 2 |
_3Publisher description _uhttp://www.loc.gov/catdir/description/dover032/2002033353.html |
| 906 |
_a7 _bcbc _corignew _d1 _eocip _f20 _gy-gencatlg |
||
| 942 |
_2ddc _cO_SHELF |
||
| 999 |
_c7822 _d7822 |
||